Cellular radiobiology (Record no. 595804)

MARC details
000 -LEADER
fixed length control field 00379nam a2200145Ia 4500
008 - FIXED-LENGTH DATA ELEMENTS--GENERAL INFORMATION
fixed length control field 100415s9999 xx 000 0 und d
082 ## - DEWEY DECIMAL CLASSIFICATION NUMBER
Item number 12887
Classification number 574.1915
100 ## - MAIN ENTRY--PERSONAL NAME
Personal name Lawrence Christopher W
245 ## - TITLE STATEMENT
Title Cellular radiobiology
260 ## - PUBLICATION, DISTRIBUTION, ETC. (IMPRINT)
Place of publication, distribution, etc LONDON
Date of publication, distribution, etc 1971
Name of publisher, distributor, etc EDWARD ARNOLD
365 ## - TRADE PRICE
Price amount 0
630 ## - SUBJECT ADDED ENTRY--UNIFORM TITLE
Uniform title Cellular radiobiology
730 ## - ADDED ENTRY--UNIFORM TITLE
Uniform title Cellular radiobiology
942 ## - ADDED ENTRY ELEMENTS (KOHA)
Koha item type Book
Holdings
Withdrawn status Lost status Damaged status Not for loan Home library Current library Date acquired Cost, normal purchase price Total Checkouts Full call number Barcode Date last seen Price effective from Koha item type
        Bombay Natural History Society Bombay Natural History Society 08/12/1994 0.00   574.1915 12887 BNHS-12887 04/15/2010 04/15/2010 Book